00637 2200253 4500001002100000005001700021008004100038020001700079035002400096082001000120090001700130100001900147245003900166250001100205260002700216300002200243500003100265650002600296850001500322980001300337985000600350986001200356999001500368YOGYA-0209000001342020090227022322.0 ind  a979-8935-004 0010-020900000013420 a297.2 a297.2bIly K aILYAS, Yunahar aKuliah aqidah IslamcYunahar Ilyas aCet. 3 aYogyakartabLPPIc1995 ax, 197 hlmc23 cm aBibliografi : hlm. 195-197 aAqidah dan ilmu kalam aYOPDYOG(B) a29-06-05 a1 avartrev a97P0100062